| Registos Bibliográficos associados ao registo de autoridade |
|
Etiqueta de registo: 00644cam 2200229 450 001 470410 003 http://id.bnportugal.gov.pt/bib/catbnp/470410 005 19990101000000.0 095 ## $aPTBN00672984 100 ## $a19941121d1926 km y0pory0103 ba 101 0# $apor 102 ## $aPT 200 1# $aEconomia política$eBento Carqueja 210 #9 $a[S.l.$cs.n.],$d1926$ePorto :$gOf. Comércio do Porto) 215 ## $a5 v.$d24 cm 700 #1 $aCarqueja,$bBento,$f1860-1935$395564 801 #0 $aPT$bBN$gRPC 930 ## $lBN$dS.C. 25082-86 V. 966 ## $lBN$mFGMON$sS.C. 25082 V. 966 ## $lBN$mFGMON$sS.C. 25083 V. 966 ## $lBN$mFGMON$sS.C. 25084 V. 966 ## $lBN$mFGMON$sS.C. 25085 V. 966 ## $lBN$mFGMON$sS.C. 25086 V. 997 ## $aBIBEOD
Etiqueta de registo: 00379nas 2200205 450 001 1838364 003 http://id.bnportugal.gov.pt/bib/catbnp/1838364 100 ## $a20130506b19211931m y0pory01030103ba 101 0# $apor 102 ## $aPT 106 ## $ae 110 ## $acaazz 0uu0 200 1# $a O Comércio do Porto.$iEdição da tarde$fdir., ed. e propr. Bento Carqueja$gfundadores H. C. de Miranda e M. S. Carqueja 207 #0 $aA. 1, nº 1 (1 set. 1921) - a. 10, nº 164 (15 jul. 1931) 210 #9 $aPorto$cBento Carqueja,$d1921 215 ## $d47 cm 326 ## $aDiário 620 ## $dPorto 702 #1 $aCarqueja,$bBento,$f1860-1935$4300$395564 702 #1 $aMiranda,$bH. C. de,$f1822-1902$4650$3146626 702 #1 $aCarqueja,$bM. S.,$f1821-1884$4650$3146627 801 #0 $aPT$bBN$gRPC 966 ## $lBN$mFGJOR$sJ. 2423 M.$x1
Etiqueta de registo: 00486cam 2200181 450 001 985222 003 http://id.bnportugal.gov.pt/bib/catbnp/985222 005 19990626160000.0 095 ## $aPTBN00996402 100 ## $a19980603d1908 m y0pory0103 ba 101 0# $apor 102 ## $aPT 106 ## $ar 200 1# $a O capitalismo e as suas origens em Portugal$fBento Carqueja 210 #9 $aCoimbra$cImp. da Universidade,$d1908 215 ## $a78 p.$d26 cm 700 #1 $aCarqueja,$bBento,$f1860-1935$395564 801 #0 $aPT$bBN$gRPC 966 ## $lBN$mFGMON$sS.C. 7517//6 V. 997 ## $aBIBEOD
Etiqueta de registo: 00859cam 22002771 450 001 874054 003 http://id.bnportugal.gov.pt/bib/catbnp/874054 005 20020522110300.0 095 ## $aPTBN00631379 100 ## $a19920121d1887 m y0pory0103 ba 101 0# $apor 102 ## $aPT 200 0# $aObolo às creanças 210 #9 $aPorto$cImp. Portugueza,$d1887 215 ## $aLXXXV, 174 p.$cil.$d16 cm 500 10 $aObolo às crianças 675 ## $a821.134.3-92"18"$vBN$zpor$3320307 700 #1 $aCastelo Branco,$bCamilo,$f1825-1890$320266 702 #1 $aCarqueja,$bBento,$f1860-1935$395564 702 #1 $aMoutinho,$bJoaquim Ferreira,$f1833-?$3147850 702 #1 $aSarmento,$bFrancisco Martins,$f1833-1899$324325 801 #0 $aPT$bBN$gRPC 856 40 $2Cópia Digital disponível em: Archive.org$uhttps://archive.org/details/oboloscreana00cast/page/n11 966 ## $lBN$mRESIMP$sRES. 799 P. 998 ## $aUCB28-179
Etiqueta de registo: 00661cam 2200205 450 001 851417 003 http://id.bnportugal.gov.pt/bib/catbnp/851417 005 19990126000000.0 095 ## $aPTBN00605944 100 ## $a19940601d1930 km y0pory0103 ba 101 0# $apor 102 ## $aPT 200 1# $aIndicadores económicos portugueses$fBento Carqueja 210 #9 $a[S.l.$cs.n.],$d1930$ePorto :$gTip. Sequeira) 215 ## $a88 p.$d23 cm 305 ## $aSep. Anais do Instituto Económico-Social da Faculdade de Engenharia da Universidade
do Porto 700 #1 $aCarqueja,$bBento,$f1860-1935$395564 801 #0 $aPT$bBN$gRPC 966 ## $lBN$mFGMON$sS.C. 10525//15 V. 966 ## $lBN$mFGMON$sS.C. 10526//1 V. 966 ## $lBN$mFGMON$sS.C. 10527//12 V. 997 ## $aBIBEOD
Etiqueta de registo: 00477cam 22001811 450 001 828764 003 http://id.bnportugal.gov.pt/bib/catbnp/828764 005 19990125000000.0 095 ## $aPTBN00481480 100 ## $a19930522d1912 km y0pory0103 ba 101 0# $apor 102 ## $aPT 200 1# $aCampanha de odio$fBento Carqueja 210 #9 $aPorto$cOfficinas de O Commercio do Porto,$d1912 215 ## $a16 p.$d22 cm 700 #1 $aCarqueja,$bBento,$f1860-1935$395564 801 #0 $aPT$bBN$gRPC 966 ## $lBN$mFGMON$sS.C. 16427//6 P. 998 ## $aCI246-201
Etiqueta de registo: 00647cam 22002051 450 001 828351 003 http://id.bnportugal.gov.pt/bib/catbnp/828351 005 19990125000000.0 095 ## $aPTBN00481066 100 ## $a19800101d1894 km y0pory0103 ba 101 0# $apor 102 ## $aPT 200 1# $a O centenário do Infante D. Henrique$fFirmino pereira$gcom uma carta prefácio pelo Snr. Bento Carqueja 210 #9 $aPorto$cEd. Magalhäes & Moniz,$d1894 215 ## $aXIX, 373 p., [1] f.$cil.$d27 cm 532 12 $a O Infante Dom Henrique 700 #1 $aPereira,$bFirmino,$f1855-1918$3153391 702 #1 $aCarqueja,$bBento,$f1860-1935$4080$395564 801 #0 $aPT$bBN$gRPC 856 40 $2Cópia Digital disponível em: Archive.org$uhttps://archive.org/details/ocentenariodoinf00pere/page/n9 966 ## $lBN$mFGMON$sH.G. 17473 V. 998 ## $aCI244-193
Etiqueta de registo: 00526cam 2200169 450 001 810041 003 http://id.bnportugal.gov.pt/bib/catbnp/810041 005 19990110000000.0 095 ## $aPTBN00598273 100 ## $a19940523d1924 m y0pory0103 ba 101 0# $apor 102 ## $aPT 200 1# $a O Comércio do Porto ao completar 70 anos$enotas para a sua história$fBento Carqueja 210 #9 $a[S.l.$cs.n.],$d1924$ePorto :$gOf. de O Comércio do Porto) 215 ## $a240 p., 4 f.$cil.$d26 cm 700 #1 $aCarqueja,$bBento,$f1860-1935$395564 801 #0 $aPT$bBN$gRPC 966 ## $lBN$mFGMON$sS.C. 14428 V.
Etiqueta de registo: 00457cam 2200169 450 001 764561 003 http://id.bnportugal.gov.pt/bib/catbnp/764561 005 19990109000000.0 095 ## $aPTBN00551960 100 ## $a19940222d1893 km y0pory0103 ba 101 0# $apor 102 ## $aPT 200 1# $a A liberdade de imprensa$fBento de Sousa Carqueja 210 #9 $aPorto$cTip. Comércio do Porto,$d1893 215 ## $a140 p.$d24 cm 700 #1 $aCarqueja,$bBento,$f1860-1935$395564 801 #0 $aPT$bBN$gRPC 966 ## $lBN$mFGMON$sS.C. 11854 V. 997 ## $aBIBEOD
Etiqueta de registo: 00454cam 2200169 450 001 760444 003 http://id.bnportugal.gov.pt/bib/catbnp/760444 005 19990109000000.0 095 ## $aPTBN00547828 100 ## $a19940203d1923 km y0pory0103 ba 101 0# $apor 102 ## $aPT 200 1# $aValores peninsulares$fBento de Sousa Carqueja 210 #9 $aPorto$cOf. O Comércio do Porto,$d1923 215 ## $a18 p.$d23 cm 700 #1 $aCarqueja,$bBento,$f1860-1935$395564 801 #0 $aPT$bBN$gRPC 966 ## $lBN$mFGMON$sS.C. 9273//6 V. 997 ## $aBIBEOD
Etiqueta de registo: 00524cam 022001811 04500 001 750447 003 http://id.bnportugal.gov.pt/bib/catbnp/750447 005 19990108000000.0 095 ## $aPTBN00537747 100 ## $a19930204d1900 km y0pory0103 ba 101 0# $apor 102 ## $aPT 200 1# $a O futuro de Portugal$equestões economico-sociais$fBento de Sousa Carqueja 210 #9 $aLisboa$cAntiga Casa Bertrand de José Bastos,$d[1900] 215 ## $a53 p.$d20 cm 700 #1 $aCarqueja,$bBento,$f1860-1935$395564 801 #0 $aPT$bBN$gRPC 966 ## $lBN$mFGMON$sS.C. 15120 P. 997 ## $aBIBEOD 998 ## $aCI273-221
Etiqueta de registo: 00558cam 2200181 450 001 736054 003 http://id.bnportugal.gov.pt/bib/catbnp/736054 005 19990108000000.0 095 ## $aPTBN00523293 100 ## $a19940103d1934 k y0pory0103 ba 101 0# $apor 102 ## $aPT 200 1# $aCrédito Agrícola e Organização Associativa$fBento Carqueja 210 #9 $a[S.l.$cs.n.],$d1934$ePorto :$gTip. Soc. Pap.) 215 ## $a6 p.$d23 cm 305 ## $aTese apresentada ao Primeiro Congresso de Agricultura Colonial 700 #1 $aCarqueja,$bBento,$f1860-1935$395564 801 #0 $aPT$bBN$gRPC 966 ## $lBN$mFGMON$sS.C. 11149//20 V. 997 ## $aBIBEOD
Etiqueta de registo: 00573cam 2200181 450 001 583803 003 http://id.bnportugal.gov.pt/bib/catbnp/583803 005 19990422184300.0 095 ## $aPTBN00793046 100 ## $a19960108d1934 em y0pory0103 ba 101 0# $apor 102 ## $aPT 200 1# $aDicionário universal de literatura$ebio-bibliográfico e cronológico$fHenrique Perdigão$gpef. Bento Carqueja 210 #9 $aBarcelos$cPortucalense,$d1934 215 ## $aXXIV, 790, [1] p.$d20 cm 675 ## $a82A/Z.09(091)(038)$vBN$zpor$31551799 700 #1 $aPerdigão,$bHenrique,$f1888-1944$3787765 702 #1 $aCarqueja,$bBento,$f1860-1935$4080$395564 801 #0 $aPT$bBN$gRPC 966 ## $lBN$mFGMON$sL. 26607 P. 997 ## $aBIBEOD
Etiqueta de registo: 00803cam 2200229 450 001 98939 003 http://id.bnportugal.gov.pt/bib/catbnp/98939 005 20021129135400.0 095 ## $aPTBN00102935 100 ## $a19891012d1923 m y0pory0103 ba 101 0# $apor 102 ## $aPT 105 ## $ay z 000yy 106 ## $ar 200 1# $aDoutoramento "honoris causa" do Prof. Francisco Gomes Teixeira na Universidade Central
de Madrid$enotícia 210 #9 $aCoimbra$cImp. da Universidade,$d1923 215 ## $a52 p.$d26 cm 532 12 $aDoutoramento "honoris causa" do Professor Francisco Gomes Teixeira na Universidade
Central de Madrid 700 #1 $aCarqueja,$bBento,$f1860-1935$395564 801 #0 $aPT$bBN$gRPC 966 ## $lBN$mFGMON$sS.A. 9458//7 V. $x0 966 ## $lBN$mFGMON$sS.A. 7908//9 V. 997 ## $aBIBEOD 998 ## $aCR472-351
Etiqueta de registo: 00452cam 2200169 450 001 451515 003 http://id.bnportugal.gov.pt/bib/catbnp/451515 005 19990101000000.0 095 ## $aPTBN00653923 100 ## $a19940808d1914 m y0pory0103 ba 101 0# $apor 102 ## $aPT 200 1# $a O materialismo historico$fBento Carqueja 210 #9 $aCoimbra$cImprensa da Universidade,$d1914 215 ## $a9 p.$d24 cm 700 #1 $aCarqueja,$bBento,$f1860-1935$395564 801 #0 $aPT$bBN$gRPC 966 ## $lBN$mFGMON$sH.G. 4698//1 A. 997 ## $aBIBEOD
Etiqueta de registo: 00518cam 2200181 450 001 429399 003 http://id.bnportugal.gov.pt/bib/catbnp/429399 005 19981231000000.0 095 ## $aPTBN00458451 100 ## $a19920309d1934 m y0pory0103 ba 101 0# $apor 102 ## $aPT 200 1# $a O Comercio do Porto ao completar oitenta anos$enotas para a sua história$fBento Carqueja 210 #9 $aPorto$cComercio do Porto,$d1934 215 ## $a350 p.$d25 cm 700 #1 $aCarqueja,$bBento,$f1860-1935$395564 801 #0 $aPT$bBN$gRPC 966 ## $lBN$mFGMON$sH.G. 14690 V. 997 ## $aBIBEOD 998 ## $aCI348-324
Etiqueta de registo: 00602cam 22001931 450 001 419732 003 http://id.bnportugal.gov.pt/bib/catbnp/419732 005 19981231000000.0 095 ## $aPTBN00448514 100 ## $a19930416d1906 km y0pory0103 ba 101 0# $apor 102 ## $aPT 200 1# $aConselheiro António Ferreira de Araújo e Silva$eesboço biográfico$fpor Marques Gomes$gpref. Bento Carqueja 210 #9 $aPorto$cTyp. Industrial Portuguesa,$d1906 215 ## $aVIII, 149 p.$cil.$d24 cm 700 #1 $aGomes,$bMarques,$f1853-1931$336572 702 #1 $aCarqueja,$bBento,$f1860-1935$4080$395564 801 #0 $aPT$bBN$gRPC 966 ## $lBN$mFGMON$sH.G. 19600 V. 997 ## $aBIBEOD 998 ## $aCI338-92
Etiqueta de registo: 01881cas 2200517 450 001 344400 003 http://id.bnportugal.gov.pt/bib/catbnp/344400 011 ## $a0870-208X 100 ## $a20020229b18562005m y0pory01030103ba 101 0# $apor 102 ## $aPT 106 ## $ae 110 ## $acaazz 0uu0 200 1# $a O commercio do Porto$ffundadores H. C. de Miranda e M. S. Carqueja 207 #0 $aA. 3, nº 1 (2 jan. 1856) - a. 152, nº 59 (30 jul. 2005) 210 #9 $aPorto$cTypographia do Commercio,$d1856-2005 215 ## $d67 cm 304 ## $aA partir de 1860 foi seu diretor Bento Carqueja 326 ## $aDiário 421 #1 $10012269538$t O Commercio Infantil$c[Porto$bBento Carqueja,$d1928-1973] 430 #1 $1001456379$t O commercio$cTypographia Commercial,$d1854-1855$x2976-002X 518 1# $a O comércio do Porto 530 0# $a O comércio do Porto 620 ## $dPorto 675 ## $a(054)$vBN$zpor$31334725 702 #1 $aMiranda,$bH. C. de,$f1822-1902$4650$3146626 702 #1 $aCarqueja,$bM. S.,$f1821-1884$4650$3146627 702 #1 $aCarqueja,$bBento,$f1860-1935$4300$395564 801 #0 $aPT$bBN$gRPC 856 40 $2Cópia digital não integral disponível em linha no Arquivo Municipal Sophia de Mello
Breyner$uhttps://arquivo.cm-gaia.pt/SearchResults.aspx?search=8&type=PCD&mode=2&page=1 966 ## $lBN$mFGJOR$sJ. 930 A. $x0 966 ## $lBN$mFGJOR$sJ. 2045 G.$x1 966 ## $lBN$mFGJOR$sJ. 4258 G.$x1 966 ## $lBN$mFGJOR$sJ. 791//14 A. $x0 966 ## $lBN$mFGJOR$sJ. 1640//30 V. $x0 966 ## $lBN$mMICROF$sF. 5700$x0 995 ## $aJORNAIS19 $d20091116$igrafael 995 ## $aCAM500 $d20240529$idfontes 995 ## $aPRR2024 $d20240625$idfontes
Etiqueta de registo: 00813cac 22002171 450 001 299271 003 http://id.bnportugal.gov.pt/bib/catbnp/299271 005 19990421190700.0 095 ## $aPTBN00311247 100 ## $a19891024d1933 km y0pory0103 ba 101 0# $apor 102 ## $aPT 200 1# $a O capitalismo$eseu passado, seu presente, seu futuro$fpor Bento Carqueja 210 #9 $aLisboa$cAcademia das Ciências,$d1933$eCoimbra :$gImpr. da Universidade) 215 ## $a84, [1] p.$d19 cm 225 2# $aBiblioteca de altos estudos 482 #1 $10011216398$aCorreia, -A. A. Mendes, -1888-1960$cLisboa.Academia das Ciências,$d1933$tIntrodução à antropobiologia$5PTBN: S.A. 30249//1 P. 700 #1 $aCarqueja,$bBento,$f1860-1935$395564 801 #0 $aPT$bBN$gRPC 966 ## $lBN$mFGMON$p(Doaðc─ao Brito Rato)$sB.R. 10695 966 ## $lBN$mFGMON$sS.C. 14703//12 P. 966 ## $lBN$mFGMON$sS.C. 30400 P.$x3 997 ## $aBIBEOD
Etiqueta de registo: 00858cam 02200277 04500 001 290484 003 http://id.bnportugal.gov.pt/bib/catbnp/290484 005 19981209172400.0 095 ## $aPTBN00302370 100 ## $a19890720d1916 m y0pora0103 ba 101 0# $apor 102 ## $aPT 105 ## $ay z 000yy 106 ## $ar 200 0# $a O povo portuguez$easpectos sociaes e economicos$fBento Carqueja 210 #9 $aPorto$cLivr. Chardon de Lelo e Irmão,$d1916 215 ## $a[10], 462 p.$d23 cm 518 1# $a O povo português 675 ## $a314(469)"185/191"$vBN$zpor$31525611 700 #1 $aCarqueja,$bBento,$f1860-1935$395564 801 #0 $aPT$bBN$gRPC 966 ## $lBN$mFGMON$sA.H.S. 111 966 ## $lBN$mFGMON$sH.G. 7804 V.$x0 966 ## $lBN$mFGMON$sH.G. 15060 V. 966 ## $lBN$mFGMON$p(Doaðc─ao Bettina Guiot Monteiro)$sS.C. 54147 V. 966 ## $lBN$mFGMON$sS.C. 108826 V.$x6 966 ## $lBN$mFGMON$sS.C. 133037 V.$x3 997 ## $aBIBEOD
Etiqueta de registo: 00510cam 22001811 450 001 269259 003 http://id.bnportugal.gov.pt/bib/catbnp/269259 005 19981207024300.0 095 ## $aPTBN00279957 100 ## $a19891027d1925 k y0pory0103 ba 101 0# $apor 102 ## $aPT 200 1# $aPolítica portuguesa$fBento Carqueja 210 #9 $aPorto$cO Comércio do Porto,$d1925 215 ## $a493 p.$d22 cm 700 #1 $aCarqueja,$bBento,$f1860-1935$395564 801 #0 $aPT$bBN$gRPC 966 ## $lBN$mFGMON$p(Doaðc─ao Brito Rato)$sB.R. 12300 997 ## $aBIBEOD
Etiqueta de registo: 00686cam 2200241 450 001 240450 003 http://id.bnportugal.gov.pt/bib/catbnp/240450 005 19981204161900.0 095 ## $aPTBN00248965 100 ## $a19900505d1900 m y0pory0103 ba 101 0# $apor 102 ## $aPT 106 ## $ar 200 1# $a O futuro de Portugal$equestões económico-sociaes$fBento Carqueja 210 #9 $aLisboa$cJosé Bastos,$d1900 215 ## $a253 p.$d20 cm 700 #1 $aCarqueja,$bBento,$f1860-1935$395564 801 #0 $aPT$bBN$gRPC 930 ## $lBN$dF. 2434$iMicrofilme 930 ## $lUMSD$dBCS 321.01(469) 966 ## $lBN$mFGMON$sS.C. 6345 V. 966 ## $lBN$mFGMON$sS.C. 7902 P. 966 ## $lBN$mMICROF$nMicrofilme$sF. 2434 997 ## $aBIBEOD
Etiqueta de registo: 00741cam 22002531 450 001 210447 003 http://id.bnportugal.gov.pt/bib/catbnp/210447 005 19981130221000.0 095 ## $aPTBN00218081 100 ## $a19890227d1893 m y0pory0103 ba 101 0# $apor 102 ## $aPT 105 ## $ay z 000aa 106 ## $ar 200 1# $a A liberdade de imprensa$fBento Carqueja 210 #9 $aPorto$cTip. do Commercio do Porto,$d1893 215 ## $a140, [1] p.$d25 cm 606 ## $2SIPOR$3269613 675 ## $a351.751(469)$vBN$zpor$3402746 700 #1 $aCarqueja,$bBento,$f1860-1935$395564 801 #0 $aPT$bBN$gRPC 966 ## $lBN$mFGMON$sP. 8076 V. 966 ## $lBN$mFGMON$sTR. 1831//2 V. $x0 966 ## $lBN$mFGMON$nEx. trunc., existe p. 1-48$sTR. 4278 V.$x2 997 ## $aBIBEOD 998 ## $aFS102-362
Etiqueta de registo: 01428cam 02200373 04500 001 184885 003 http://id.bnportugal.gov.pt/bib/catbnp/184885 005 19981128063200.0 095 ## $aPTBN00192117 100 ## $a19890601g19041905km y0pory0103 ba 101 0# $apor 102 ## $aPT 105 ## $ay z 000zy 106 ## $ar 200 1# $aCartas do Japão$fWenceslau de Moraes 210 #9 $aPorto$cLivr. Magalhäes & Moniz,$d1904-1905 215 ## $a320 p.$d19 cm 300 ## $aBiblioteca Barros Queiroz 327 1# $a1º v.: Antes da guerra (1902-1904) / pref. Bento Carqueja. - 320 p.$a2º v.: Um anno da Guerra (1904-1905) / pref. Vicente Almeida d'Eça. - 424 p. 675 ## $a821.134.3-92"18/19"$vBN$zpor$3707753 675 ## $a316.72(=1:520)"1902/1905"(046)$vBN$zpor$31338033 675 ## $a94(=1:469)(520)"1902/1905"(046)$vBN$zpor$31338034 700 #1 $aMorais,$bVenceslau de,$f1854-1929$373762 702 #1 $aCarqueja,$bBento,$f1860-1935$4080$395564 702 #1 $aEça,$bVicente de Almeida de,$f1852-1929$4080$325348 801 #0 $aPT$bBN$gRPC 856 41 $uhttp://rnod.bnportugal.gov.pt/ImagesBN/winlibimg.aspx?skey=&doc=184885&img=24644&save=true 930 ## $lBN$dL. 43770-71 P. 966 ## $d 1º v.$e $f $lBN$mFGMON$sB.R. 6217 966 ## $d2º v.$lBN$mFGMON$sB.R. 14642 966 ## $d[1º v.]$lBN$mFGMON$sH.G. 8060 V.$x0 966 ## $d[2º v.]$lBN$mFGMON$sH.G. 8061 V.$x0 966 ## $d 2º v.$e $f $lBN$mFGMON$sH.G. 17228 P. 966 ## $d 2º v.$e $f $lBN$mFGMON$sH.G. 17229 P. 966 ## $d 2º v.$e $f $lBN$mFGMON$sH.G. 17230 P. 966 ## $dV. 1$lBN$mFGMON$sL. 43770 P. 966 ## $dV. 2$lBN$mFGMON$sL. 43771 P. 966 ## $d1º v.$lBN$mFGMON$sL. 72880 P.$x2 966 ## $d1º v.$lBN$mFGMON$sL. 80202 P. 966 ## $d2º v.$lBN$mFGMON$sL. 80203 P. 966 ## $d1º v.$lBN$mFGMON$sL. 100909 P.$x6 997 ## $aBIBEOD
Etiqueta de registo: 00738cam 2200241 450 001 178109 003 http://id.bnportugal.gov.pt/bib/catbnp/178109 005 19981127213900.0 095 ## $aPTBN00185194 100 ## $a19891205d1908 km y0pory0103 ba 101 0# $apor 102 ## $aPT 200 1# $a O capitalismo moderno e as suas origens em Portugal$fBento Carqueja 210 #9 $aPorto$cLiv. Chardron de Lello & Irmão,$d1908 215 ## $aVII, [1], 221, [3] p.$d19 cm 675 ## $a330.8$vmed$zpor$3291789 700 #1 $aCarqueja,$bBento,$f1860-1935$395564 801 #0 $aPT$bBN$gRPC 856 40 $2Cópia digital disponível na Biblioteca Digital Internet Archive$uhttps://archive.org/details/ocapitalismomod00carqgoog 966 ## $lBN$mFGMON$sS.C. 15165 P. 966 ## $lBN$mFGMON$sS.C. 15724 P. 966 ## $lBN$mFGMON$sS.C. 31833 P.
Etiqueta de registo: 00522cam 2200193 450 001 1070176 003 http://id.bnportugal.gov.pt/bib/catbnp/1070176 005 20011026191700.0 100 ## $a20011026d1928 m y0pory0103 ba 101 0# $apor 102 ## $aPT 105 ## $ay z 000yy 106 ## $ar 200 1# $a O problema monetário portuguez$fBento Carqueja 210 #9 $aPorto$cOf. de O Commércio do Porto,$d1928 215 ## $a236 p.$cil.$d23 cm 700 #1 $aCarqueja,$bBento,$f1860-1935$395564 801 #0 $aPT$bBN$gRPC 966 ## $lBN$mFGMON$sN. 273 P. $x0 966 ## $lBN$mFGMON$sN. 274 P. $x0 997 ## $aBIBEOD
Etiqueta de registo: 00463cam 2200169 450 001 700468 003 http://id.bnportugal.gov.pt/bib/catbnp/700468 005 19990107000000.0 095 ## $aPTBN00914143 100 ## $a19970718d1930 m y0pory0103 ba 101 0# $apor 102 ## $aPT 200 1# $a O imposto em Portugal$fBento Carqueja 210 #9 $aPorto$c[s.n.],$d1930$ePorto :$gOf. Comércio do Porto) 215 ## $a278 p.$d19 cm 700 #1 $aCarqueja,$bBento,$f1860-1935$395564 801 #0 $aPT$bBN$gRPC 966 ## $lBN$mFGMON$sS.C. 13913 P. 997 ## $aBIBEOD
Etiqueta de registo: 00593cam 02200193 04500 001 703927 003 http://id.bnportugal.gov.pt/bib/catbnp/703927 005 19990107000000.0 095 ## $aPTBN00917628 100 ## $a19970821d1931 m y0pory0103 ba 101 0# $apor 102 ## $aPT 200 1# $aProblemas económico-sociais$fJosé Maciel Ribeiro Fortes$gpref. Bento Carqueja 210 #9 $aPorto$cCop. Portuguesa Editora,$d[1931] 215 ## $a214, [2] p.$d19 cm 300 ## $aData tirada do prefácio 700 #1 $aFortes,$bJosé Maciel Ribeiro,$f1892-$341137 702 #1 $aCarqueja,$bBento,$f1860-1935$4080$395564 801 #0 $aPT$bBN$gRPC 966 ## $lBN$mFGMON$sS.C. 14173 P. 997 ## $aBIBEOD
Etiqueta de registo: 00605cam 2200205 450 001 951370 003 http://id.bnportugal.gov.pt/bib/catbnp/951370 005 19990626160000.0 095 ## $aPTBN00965801 100 ## $a19990617d1909 k y0pory0103 ba 101 0# $apor 102 ## $aPT 105 ## $aa z 001yy 106 ## $ar 200 1# $aPedro Ivo$eprosador e poeta$fcom um perfil literario por Bento Carqueja 210 #9 $aPorto$cOfficinas do Comercio do Porto,$d1909 215 ## $a269, [3] p., [1] f. il.$cil.$d19 cm 675 ## $a821.134.3-34"18"$vBN$zpor$31023218 675 ## $a821.134.3-1"18"$vBN$zpor$3394909 702 #1 $aCarqueja,$bBento,$f1860-1935$4340$395564 801 #0 $aPT$bBN$gRPC 966 ## $lBN$mFGMON$sL. 95204 P.$x2 997 ## $aBIBEOD 998 ## $aPLE50-572
Etiqueta de registo: 00504cam 22001811 450 001 721359 003 http://id.bnportugal.gov.pt/bib/catbnp/721359 005 19990108000000.0 095 ## $aPTBN00508471 100 ## $a19931029f19301939km y0pory0103 ba 101 0# $apor 102 ## $aPT 200 1# $aPrincipios de economia política$fBento Carqueja 210 #9 $a[S.l.$cs.n.,$d193-]$ePorto :$gOf. de "O Comércio do Porto") 215 ## $a966 p.$d20 cm 700 #1 $aCarqueja,$bBento,$f1860-1935$395564 801 #0 $aPT$bBN$gRPC 966 ## $lBN$mFGMON$sS.C. 14138 P. 997 ## $aBIBEOD 998 ## $aCI262-488
Etiqueta de registo: 00699cam 22002291 450 001 971136 003 http://id.bnportugal.gov.pt/bib/catbnp/971136 005 19990626160000.0 095 ## $aPTBN00979179 100 ## $a19910225d1912 k y0pory0103 ba 101 0# $apor 102 ## $aPT 200 0# $a A sciencia e a industria em nossas casas$fBento Carqueja 210 #9 $aLisboa$cParceria Antonio Maria Pereira,$d1912 215 ## $a232 p.$cil.$d20 cm 500 10 $a A ciencia e a industria em nossas casas 675 ## $a19(469) CARQUEJA$vint$zpor$3820762 700 #1 $aCarqueja,$bBento,$f1860-1935$395564 801 #0 $aPT$bBN$gRPC 966 ## $lBN$mFGMON$sS.A. 14274 P.$x0 966 ## $lBN$mFGMON$sS.A. 21033 P.$x0 997 ## $aBIBEOD 998 ## $aMSD35-132
Etiqueta de registo: 00525cam 2200169 450 001 1253803 003 http://id.bnportugal.gov.pt/bib/catbnp/1253803 100 ## $a20020606d1925 m y0pory0103 ba 101 0# $apor 102 ## $aPT 200 1# $a O comércio do Porto no centenario de Camilo Castelo Branco$e1825-1925$fBento Carqueja 210 #9 $aPorto$cO Commercio do Porto,$d1925 215 ## $a87 p. c. est$cil.$d30 cm 700 #1 $aCarqueja,$bBento,$f1860-1935$395564 801 #0 $aPT$bBN 801 #1 $aFR$bJOUVE 966 ## $lBN$mFGMON$sL. 5831//2 A. $x0 997 ## $aBIBEOD
Etiqueta de registo: 00445nam 22001571 450 001 1252508 003 http://id.bnportugal.gov.pt/bib/catbnp/1252508 100 ## $a20020606d1926 m y0pory01030103ba 101 0# $apor 102 ## $aPT 105 ## $ay z 000yy 106 ## $ar 200 1# $aCamilo na música$fAlfredo Pinto Sacavem$gpref. do Dr. Bento Carqueja 210 #9 $aLisboa$cLivr. Ferin,$d1926 215 ## $a1 v.$d26 cm 700 #1 $aPinto,$bAlfredo,$f1874-1945$387288 702 #1 $aCarqueja,$bBento,$f1860-1935$395564 801 #0 $aPT$bBN 801 #1 $aFR$bJOUVE 966 ## $lBN$mFGMON$sL. 4933//4 V. $x0 966 ## $lBN$mMUSICA$pEspólio Emma Romero da Câmara Reis$sEMUS1 496$x3 997 ## $aBIBEOD
Etiqueta de registo: 00521cac 22001571i 450 001 1250031 003 http://id.bnportugal.gov.pt/bib/catbnp/1250031 100 ## $a20020702d1935 m y0pory010305 ba 101 0# $apor 102 ## $aPT 200 1# $a O Favicha Couto$fPor Maria de Lourdes e Manuel de Figueiredo$g[Pref. de Bento Carqueja] 210 #9 $a[S.l.$cs. n.],$d1935 215 ## $a16 p.$cil.$d25 cm 482 #1 $1001842687$tSéculo 100 -novela$aMarialva, -Octávio de, -pseud.$c[S.l..s.n.],$d1935$5PTBN: L. 12150//1V. 700 #1 $aLurdes,$bMaria de$378766 701 #1 $aFigueiredo,$bManuel de,$f1896-?$4070$375786 702 #1 $aCarqueja,$bBento,$f1860-1935$4080$395564 801 #0 $aPT$bBN 801 #1 $aFR$bJOUVE 997 ## $aBIBEOD
Etiqueta de registo: 00484nam 22001691i 450 001 1248746 003 http://id.bnportugal.gov.pt/bib/catbnp/1248746 100 ## $a20020702d1923 m y0pory010305 ba 101 0# $apor 102 ## $aPT 200 1# $aSol da meia noite$eviagem à Suécia, 1923$fBento Carqueja 210 #9 $a[Porto$cOff.. de "O Commercio do Porto"]$d1923 215 ## $a167 p., [2 fl.]$cil.$d22 cm 700 #1 $aCarqueja,$bBento,$f1860-1935$395564 801 #0 $aPT$bBN 801 #1 $aFR$bJOUVE 966 ## $lBN$mFGMON$sL. 10726 V.$x0 997 ## $aBIBEOD
Etiqueta de registo: 00569cam 2200181 450 001 1220656 003 http://id.bnportugal.gov.pt/bib/catbnp/1220656 100 ## $a20020304d1897 m y0pory010305 ba 101 0# $apor 102 ## $aPT 200 1# $a As doenças da videira, sua natureza, seus sintomas, seu tratamento$elições professadas na Eschola Normal do Porto$fBento Carqueja 205 ## $a2ª edição 210 #9 $aPorto$cTyp. do "Commercio do Porto",$d1897 215 ## $aIX, 89 p.$d19 cm 700 #1 $aCarqueja,$bBento,$f1860-1935$395564 801 #0 $aPT$bBN 801 #1 $aFR$bJOUVE 966 ## $lBN$mFGMON$sS.A. 24198//8 P. $x0 997 ## $aBIBEOD
Etiqueta de registo: 00490nam 22001691i 450 001 1222117 003 http://id.bnportugal.gov.pt/bib/catbnp/1222117 100 ## $a20020304d1927 m y0pory010305 ba 101 0# $apor 102 ## $aPT 200 1# $a A ciência e a industria em nossas casas$fBento de Sousa Carqueja 205 ## $a2ª ed 210 #9 $aLisboa$cParceria Antonio Maria Pereira,$d1927 215 ## $a1 v.$cil.$d17 cm 700 #1 $aCarqueja,$bBento,$f1860-1935$395564 801 #0 $aPT$bBN 801 #1 $aFR$bJOUVE 966 ## $lBN$mFGMON$sS.A. 21358 P.$x0 997 ## $aBIBEOD
Etiqueta de registo: 00569cam 2200169 450 001 1220654 003 http://id.bnportugal.gov.pt/bib/catbnp/1220654 100 ## $a20020304d1894 m y0pory010305 ba 101 0# $apor 102 ## $aPT 200 1# $a As doenças da videira, sua natureza, seus sintomas, seu tratamento$elições professadas na Eschola Normal do Porto no anno lectivo de 1893-1894l$fBento Carqueja 210 #9 $aPorto$cTyp. do Commercio do Porto,$d1894 215 ## $aVIII, 70 p.$d19 cm 700 #1 $aCarqueja,$bBento,$f1860-1935$395564 801 #0 $aPT$bBN 801 #1 $aFR$bJOUVE 966 ## $lBN$mFGMON$sS.A. 24198//6 P. $x0 966 ## $lBN$mFGMON$sTR. 5506//10 P. $x3 997 ## $aBIBEOD
Etiqueta de registo: 00230nam 2200025 450 001 1691525 003 http://id.bnportugal.gov.pt/bib/catbnp/1691525 100 ## $a20080915d1917 m y0pory0103 ba 101 0# $apor 102 ## $aPT 105 ## $aa z 100yy 106 ## $ar 200 1# $a A guerra$eseus antecedentes e consequentes$fBento Carqueja 210 #9 $aCoimbra$cImprensa da Universidade,$d1917 215 ## $a13 p.$cil.$d25 cm 225 2# $aAnnaes da Academia Polytechnica do Porto$vt. 12 675 ## $a94(469)"1917"(042)$vBN$zpor$31519813 675 ## $a94(100)"1914/1918"(042)$vBN$zpor$3966318 675 ## $a355.48(100)"1914/1918"(042)$vBN$zpor$31266320 700 #1 $aCarqueja,$bBento,$f1860-1935$395564 801 #0 $aPT$bBN$gRPC 966 ## $lBN$mFGMON$sH.G. 63375 V.$x6 997 ## $aBIBEOD
Etiqueta de registo: 00000nam 2200025 450 001 1839587 003 http://id.bnportugal.gov.pt/bib/catbnp/1839587 100 ## $a20130515d1928 m y0pory01030103ba 101 0# $apor 102 ## $aPT 105 ## $ay z 000yy 106 ## $ar 200 1# $a O Brasil amado$enotas e impressões$fBento Carqueja 210 #9 $aPorto$cOffic. O Commercio do Porto,$d1928 215 ## $a226, [1] p.$c20 cm 675 ## $a908(81)$vBN$zpor$3364795 700 #1 $aCarqueja,$bBento,$f1860-1935$395564 801 #0 $aPT$bBN$gRPC 966 ## $lBN$mFGMON$sH.G. 40069 P.$x6 997 ## $aBIBEOD
Etiqueta de registo: 00765cam 2200229 450 001 270301 003 http://id.bnportugal.gov.pt/bib/catbnp/270301 005 20000426131200.0 095 ## $aPTBN00281002 100 ## $a19890101d1932 m y0pora0103 ba 101 0# $apor 102 ## $aPT 105 ## $ay z 000yy 106 ## $ar 200 1# $aFilosofia do trabalho$fpor Bento Carqueija 210 #9 $aLisboa$cAcademia das Ciências,$d1932 215 ## $a54 p.$d20 cm 225 2# $aBiblioteca de altos estudos 700 #1 $aCarqueja,$bBento,$f1860-1935$395564 801 #0 $aPT$bBN$gRPC 966 ## $lBN$mFGMON$sB.R. 14820$x3 966 ## $lBN$mFGMON$sP. 6889//4 P. 966 ## $lBN$mFGMON$sS.A. 19916//10 P. $x0 966 ## $lBN$mFGMON$sS.C. 30449 P.$x3 997 ## $aBIBEOD
Etiqueta de registo: 00254nam 2200025 450 001 2048436 003 http://id.bnportugal.gov.pt/bib/catbnp/2048436 100 ## $a20200619d1918 m y0pory01030103ba 101 0# $apor 102 ## $aPT 105 ## $ay z 000yy 106 ## $ar 200 1# $aSciencia social$eo methodo$fapontamentos coordenados por José Fontes$gcom um prefácio por Bento Carqueja 210 #9 $aPorto$cOfficinas de "O Commercio do Porto",$d1918 215 ## $a[4], 50 p., [1] extratexto, desdobr.$d23 cm 518 1# $aCiência Social 700 #1 $aFontes,$bJosé,$f18---19--$31783907 702 #1 $aCarqueja,$bBento,$f1860-1935$4080$395564 712 02 $aSociedade Portuguesa da Ciência Social$4650$31783908 801 #0 $aPT$bBN$gRPC 966 ## $lBN$mFGMON$sS.A. 7785//7 V. 997 ## $aBIBEOD
Etiqueta de registo: 00379nas 2200205 450 001 2062286 003 http://id.bnportugal.gov.pt/bib/catbnp/2062286 100 ## $a20201222b19341934m y0pory01030103ba 101 0# $apor 102 ## $aPT 106 ## $ae 110 ## $acaazz 0uu0 200 1# $a O Comércio do Porto Colonial$enúmero privativo da 1ª Exposição Colonial Portugueza$fdir., ed. e propr. Bento Carqueja$gred. Hugo Rocha 207 #0 $aNº 1 (16 jun.1934) - nº 59 (18 ag.1934) 210 #9 $aPorto$cBento Carqueja,$d1934 215 ## $d32 cm 326 ## $aDiário 620 ## $dPorto 702 #1 $aCarqueja,$bBento,$f1860-1935$4300$395564 702 #1 $aRocha,$bHugo,$f1907-1993$4340$387879 801 #0 $aPT$bBN$gRPC 966 ## $lBN$mFGJOR$nJá digitalizado - aguarda publicação na BND - Exemplares em mau estado de conservação$sJ. 3350//4 B. $x1
Etiqueta de registo: 00379nas 2200205 450 001 2161765 003 http://id.bnportugal.gov.pt/bib/catbnp/2161765 100 ## $a20240320b19101910m y0pory01030103ba 101 0# $apor 102 ## $aPT 106 ## $ae 110 ## $aczuzz 0uu0 200 1# $a O Commercio do Porto Júnior$fpropr. e dir. B. S. Carqueja 207 #0 $aNº único (10 jul. 1910) 210 #9 $aPorto$cBento Carqueja,$d1910 215 ## $d39 m 518 1# $a O Comércio do Porto Júnior 620 ## $dPorto 702 #1 $aCarqueja,$bBento,$f1860-1935$4650$395564 801 #0 $aPT$bBN$gRPC 966 ## $lBN$mFGJOR$sJ. 3796//12 M. $x7
Etiqueta de registo: 00379nas 2200205 450 001 2269538 003 http://id.bnportugal.gov.pt/bib/catbnp/2269538 100 ## $a20260220b19281936m y0pory01030103ba 101 0# $apor 102 ## $aPT 106 ## $ar 110 ## $aacazz 0uu0 200 1# $a O Commercio Infantil$fdir. e propr. Bento Carqueja$gdir. literarios Estefânia Cabreira, Oliveira Cabral 207 #0 $a[A. 1, nº 1 (13 abr. 1928) - nº 286 (20 dez. 1973)] 210 #9 $a[Porto$cBento Carqueja,$d1928-1973] 215 ## $d21 cm 305 ## $aFoi um suplemento destacável até 25 de abril de 1968 (a. 12, nº 6). A partir da 2ª
série, com início a 9 de maio de 1968, passou a ser publicado como uma secção do título
principal 317 ## $aColeção Leandro de Moraes Sarmento$5PTBN: L.M.S. 109 326 ## $aSemanal 422 #1 $1001344400$t O commercio do Porto$cPorto$bTypographia do Commercio,$d1856-2005$x0870-208X 518 1# $a O Comércio Infantil 606 ## $aLiteratura juvenil$x[Periódicos]$2SIPOR$31883993 620 ## $dPorto 675 ## $a087.5(05)$vmed$zpor$3288171 702 #1 $aCarqueja,$bBento,$f1860-1935$4300$395564 702 #1 $aCabreira,$bEstefânia,$f1891-1977$4340$318977 702 #1 $aCabral,$bOliveira,$f1890-1974$4340$318964 801 #0 $aPT$bBN$gRPC 966 ## $lBN$mFGREV$pBiblioteca particular Leandro de Moraes Sarmento$sL.M.S. 109 $x3 971 ## $cssilva$d20260220
|
|
|